Advanced RF MEMS (Record no. 11668)

000 -LEADER
fixed length control field 00377nam a22001457a 4500
020 ## - INTERNATIONAL STANDARD BOOK NUMBER
International Standard Book Number 9780521897716
082 ## - DEWEY DECIMAL CLASSIFICATION NUMBER
Classification number 621.381 LUC
100 ## - MAIN ENTRY--PERSONAL NAME
Personal name Lucyszyn, S.
245 ## - TITLE STATEMENT
Title Advanced RF MEMS
260 ## - PUBLICATION, DISTRIBUTION, ETC.
Place of publication, distribution, etc. New York
Name of publisher, distributor, etc. Cambridge University Press
Date of publication, distribution, etc. 2010
300 ## - PHYSICAL DESCRIPTION
Extent xx, 412p. :
Accompanying material 22 cm
650 ## - SUBJECT ADDED ENTRY--TOPICAL TERM
Topical term or geographic name entry element Radio frequency microelectromechanical systems
700 ## - ADDED ENTRY--PERSONAL NAME
Personal name S Lucyszyn
942 ## - ADDED ENTRY ELEMENTS (KOHA)
Koha item type Book
Holdings
Withdrawn status Lost status Damaged status Not for loan Collection code Permanent Location Current Location Shelving location Date acquired Source of acquisition Cost, normal purchase price Total Checkouts Full call number Barcode Date last seen Date last checked out Price effective from Koha item type
          Central Library (CL) Central Library (CL) General Stacks 04/02/2013 Eagle Information Marketing 8421.68 3 621.381 LUC SEECS012152 10/13/2016 10/13/2016 04/02/2013 Book
© 2023 Central Library, National University of Sciences and Technology. All Rights Reserved.